00502nam a2200193 a 4500001001300000003000900013005001700022008004100039020002300080082001600103100001800119245004200137260003900179300000900218500003500227505001000262650001800272700001800290nice12345678IN_TiNIC20260116014336.0100924s2010 jaia grp 000 0 eng  a9788131603147c89500a361.25bSPI aSpicker, Paul aSocial Policyb Themes and Approaches aJaipur bRawat Publications c2010 a307p aincludes index and biblioraphy2 aIndex aSocial Policy1 aSpicker, Paul